000
00286nam a22001217a 4500
082
_a
621.38152 DIO'S
100
_a
STAFF OF D. A. T. A.
_9
79986
245
_a
DIODE AND SCR D. A. T. A. BOOK
250
_a
23RD
260
_a
NEWJERSCY
_b
D. A. T. A.
_c
1969
300
_a
702P
942
_c
BK
999
_c
584966
_d
584966